| 000 | 00927nam a2200289 i 4500 | ||
|---|---|---|---|
| 001 | 10588 | ||
| 003 | ES-MaACL | ||
| 005 | 20250712031707.0 | ||
| 007 | t| | ||
| 008 | 880427s1994 sp ||||0| spa j ..| | ||
| 015 | _a1988-JUL-13037 | ||
| 016 | 7 | _zSAB9000018194 | |
| 020 | _a84-376-0641-1 | ||
| 040 |
_aM-BN-DP _bspa _cM-BN-DP |
||
| 080 | _a850-31"19" | ||
| 100 | 1 |
_aTomasi Di Lampedusa, Giuseppe. _9110537 |
|
| 245 | 1 | 3 |
_aEl Gatopardo / _cGiuseppe Tomasi di Lampedusa ; edición de Raffaele Pinto ; traducción de Fernando Gutiérrez. |
| 260 |
_aMadrid : _bCátedra, _cD.L. 1994. |
||
| 300 |
_a285 p : _b1 retr ; _c18 cm. |
||
| 490 | 1 |
_aLetras universales ; _v65 |
|
| 504 | _aBibliografía. | ||
| 700 | 1 |
_aPinto, Raffaele. _992226 |
|
| 700 | 1 |
_aGutiérrez, Fernando, _d1911-1984 _9156260 |
|
| 830 | 0 |
_aLetras universales ; _v65 _9178013 |
|
| 852 |
_aES-MaACL _jL-17950 _bR.123974 |
||
| 999 |
_c10588 _d10588 |
||